[Event "Centrocoop Sept op-A"]
[Site "Eforie Nord"]
[Date "1998.??.??"]
[Round "?"]
[White "Konotop, Sergei"]
[Black "Vioreanu, Bogdan"]
[Result "0-1"]
[WhiteElo "2190"]
[BlackElo "2025"]

1.e4 c5 2.Nf3 Nc6 3.Nc3 e5 4.Bc4 d6 5.d3 Be7 6.Nd2 Bg5 7.Nf1 Bxc1 8.Rxc1 Nge7
9.Ne3 O-O 10.O-O Be6 11.f4 exf4 12.Rxf4 Ng6 13.Rf2 Qg5 14.Ncd5 Nge5 15.Qd2 Rad8
16.Rcf1 Nxc4 17.Nxc4 Qxd2 18.Nxd2 Bxd5 19.exd5 Nb4 20.Ne4 Nxd5 21.Ng5 Nf6
22.h3 h6 23.Nf3 Rfe8 24.Nh4 Re6 25.Nf5 Nd7 26.g4 d5 27.Ng3 f6 28.Ne2 Nb6
29.Nc3 a6 30.Rf5 Kf7 31.Kg2 Ke7 32.Kg3 Kd6 33.Kh4 Re3 34.R1f3 Rxf3 35.Rxf3 Nd7
36.Ne2 Re8 37.Rf2 Re3 38.Rh2 g6  0-1

[Event "AUT-ch U12 Girls"]
[Site "Feldkirchen"]
[Date "1998.??.??"]
[Round "4"]
[White "Gattringer, Magdalena"]
[Black "Svoboda, Katharina"]
[Result "0-1"]
[WhiteElo "1375"]
[BlackElo "1453"]

1.e4 c5 2.Nc3 Nc6 3.Nf3 e6 4.Qe2 Be7 5.Qe3 d5 6.Qf4 Nf6 7.Nb5 O-O 8.Bd3 c4
9.Nc7 Rb8 10.Be2 Ne8 11.b3 Nxc7 12.Qg4 Bf6 13.bxc4 Bxa1 14.Qh3 e5 15.d3 Bxh3
16.gxh3 dxe4 17.dxe4 Nd4 18.Nxe5 Nxe2 19.Kxe2 Bxe5 20.Rg1 Bxh2 21.Rg2 Qd4
22.Be3 Qxc4+ 23.Kf3 Qc3 24.Rxh2 Rfd8 25.Kf4 f6 26.Bc5 Qe5+ 27.Kf3 Qxh2 28.Be3 Qxh3+
29.Kf4 Ne6+  0-1

[Event "AUT-ch U12 Girls"]
[Site "Feldkirchen"]
[Date "1998.??.??"]
[Round "6"]
[White "Svoboda, Katharina"]
[Black "Klinkan, Elisabeth"]
[Result "0-1"]
[WhiteElo "1453"]
[BlackElo "1435"]

1.e4 c5 2.Nf3 Nc6 3.Nc3 e5 4.Bb5 d6 5.Bxc6+ bxc6 6.O-O g6 7.d3 Bg7 8.b3 Ne7
9.Bb2 O-O 10.h3 Be6 11.Ng5 Bd7 12.Qf3 h6 13.Nxf7 Rxf7 14.Qd1 Kh7 15.Qd2 Ng8
16.Rad1 Qf6 17.Rfe1 h5 18.a3 Raf8 19.Rf1 Bh6 20.Qe2 Qg5 21.Bc1 Qf6 22.Bxh6 Nxh6
23.Rde1 Rg7 24.Nd1 Nf7 25.Nb2 Re8 26.Rd1 d5 27.exd5 cxd5 28.c3 Bc6 29.f3 Ng5
30.Qd2 Ne6 31.b4 Rd7 32.bxc5 Nxc5 33.f4 e4 34.d4 Na4 35.Nxa4 Bxa4 36.Rb1 a6
37.Rb4 Bb5 38.Rf2 e3 39.Qe1 exf2+ 40.Qxf2 Re2 41.Qf3 Re4 42.c4 Bxc4 43.g4 Qxd4+
44.Kh2 Rxf4 45.Qg3 Rf2+ 46.Kh1 Qe4+ 47.Kg1 Rf1+ 48.Kh2 Qh1+  0-1

[Event "FRA-chJM2"]
[Site "FRA"]
[Date "1998.??.??"]
[Round "6"]
[White "Guidarelli, Laurent"]
[Black "Mory, Eric"]
[Result "1-0"]
[WhiteElo "2225"]
[BlackElo "2100"]

1.e4 c5 2.Nc3 Nc6 3.Nge2 d6 4.d4 cxd4 5.Nxd4 Nf6 6.Bc4 Qb6 7.Nb3 e6 8.Be3 Qc7
9.Be2 a6 10.f4 Be7 11.O-O O-O 12.Bf3 b5 13.Qe1 Rd8 14.Qf2 Rb8 15.Rae1 Bf8
16.Kh1 Ne7 17.e5 Ne8 18.Ba7 Ng6 19.Bxb8 Qxb8 20.Bh5 Qc7 21.Re3 d5 22.Nd4 Bc5
23.Nce2 Ne7 24.Qh4 g6 25.Bg4 Ng7 26.Qh6 Nef5 27.Bxf5 Nxf5 28.Nxf5 Bf8 29.Qh4 exf5
30.Rc3 Qb6 31.Qf2 d4 32.Rd3 Bc5 33.c3 Be6 34.cxd4 Qa5 35.Rdd1 Ba7 36.Nc1 Qb4
37.a3 Qa4 38.Ne2 Qc2 39.Nc3 Qxf2 40.Rxf2 Rxd4 41.Rxd4 Bxd4 42.Rf1 Bc4 43.Rd1 Be3
44.g3 a5 45.Kg2 b4 46.axb4 axb4 47.Nd5 Bxd5+ 48.Rxd5 Bc1 49.b3 Bb2 50.Kf3 Kf8
51.Ke2 Ke7 52.Kd3 h6 53.Rc5 Ke6 54.Rc6+ Ke7 55.Rc2 Ba3 56.Kd4  1-0

[Event "Oberliga Ost B9899"]
[Site "GER"]
[Date "1998.??.??"]
[Round "?"]
[White "Schlamp, Robert"]
[Black "Debus, Alfred"]
[Result "1-0"]
[WhiteElo "2285"]
[BlackElo "2220"]

1.e4 c5 2.Nf3 Nc6 3.Nc3 d6 4.d4 cxd4 5.Nxd4 Nf6 6.Bc4 e5 7.Nde2 Be7 8.Bg5 Be6
9.Bb3 O-O 10.Bxf6 Bxf6 11.O-O Qd7 12.Nd5 Bg5 13.c3 Kh8 14.Ng3 Bg4 15.Qd3 Rad8
16.f3 Be6 17.Rad1 Qe8 18.Qe2 Rd7 19.Rd3 g6 20.Kh1 Qd8 21.Rfd1 Kg7 22.Nf1 Bxd5
23.Bxd5 Qf6 24.Ne3 Bxe3 25.Qxe3 Rfd8 26.b4 Rc8 27.Qd2 h6 28.h3 Qg5 29.Qxg5 hxg5
30.Bb3 Rcd8 31.Ba4 a6 32.Bxc6 bxc6 33.c4 Kf8 34.Ra3 Rb7 35.Rxa6 Rxb4 36.Rxc6 Ra8
37.Rd2 Rb1+ 38.Kh2 Rc1 39.Rc7 Ra4 40.Rxd6 Rxa2 41.Rd8+ Kg7 42.Rdd7 Rcc2 43.Rxf7+ Kg8
44.Rfd7 Rxg2+ 45.Kh1 Rh2+ 46.Kg1 Rhg2+ 47.Kf1 Rgf2+ 48.Ke1 Rxf3 49.c5 Rf4
50.Rc8+ Rf8 51.Rxf8+ Kxf8 52.c6 Rc2 53.c7  1-0

[Event "Oberliga Ost B9899"]
[Site "GER"]
[Date "1998.??.??"]
[Round "?"]
[White "Kuban, Guenther"]
[Black "Legde, Georg"]
[Result "0-1"]
[WhiteElo "2250"]
[BlackElo "2255"]

1.Nc3 c5 2.e4 Nc6 3.Nge2 Nf6 4.d4 cxd4 5.Nxd4 d6 6.Be2 e5 7.Nb3 Be7 8.O-O O-O
9.Be3 Be6 10.Bf3 a5 11.Nd5 a4 12.Nxe7+ Qxe7 13.Nc1 Rfd8 14.Bb6 Rd7 15.Nd3 d5
16.exd5 Nxd5 17.Bc5 Qf6 18.Be4 Rc8 19.Qh5 g6 20.Qh6 Nd4 21.Bxd4 exd4 22.f4 Ne3
23.Rf2 Ng4 24.Qg5 Qxg5 25.fxg5 Nxf2 26.Nxf2 Bf5 27.Rd1 Kg7 28.Bxf5 gxf5 29.Rd2 Rdc7
30.Rxd4 Rxc2 31.Nd1 Re8 32.Kf1 Re4 33.Rd5 Kg6 34.g3 Ree2 35.h4 Rh2 36.Rd6+ Kg7
37.Kg1 Rhd2 38.Rxd2 Rxd2 39.Ne3 Rxb2 40.Nxf5+ Kf8  0-1

[Event "Oberliga Ost A9899"]
[Site "GER"]
[Date "1998.??.??"]
[Round "?"]
[White "Hoepfl, Thomas"]
[Black "Schneider, Henning"]
[Result "1-0"]
[WhiteElo "2215"]
[BlackElo "2185"]

1.e4 c5 2.Nf3 Nc6 3.Nc3 d6 4.d4 cxd4 5.Nxd4 Nf6 6.g3 e5 7.Nde2 h6 8.Bg2 Be7
9.O-O O-O 10.h3 a6 11.a4 b6 12.g4 Nb4 13.Ng3 Be6 14.Nd5 Nbxd5 15.exd5 Bd7
16.f4 Qc7 17.g5 hxg5 18.fxg5 Nh7 19.Qh5 f5 20.g6 Nf6 21.Qh4 Be8 22.Nxf5 Bxg6
23.Be4 Kf7 24.Qg5 Bxf5 25.Bxf5 Ke8 26.Be6 Kd8 27.Be3 Rb8 28.Ra3 Qc4 29.Rf2 Qe4
30.Rc3 Nh7 31.Bxb6+ Ke8 32.Qh5+ g6 33.Qxh7 Qe1+ 34.Kg2 Qe4+ 35.Kh2 Rxf2+
36.Bxf2 Qf4+ 37.Kg2 Qe4+ 38.Rf3 Kd8 39.Qg8+ Kc7 40.Qf7 Kd8 41.h4 Rxb2 42.Qg8+ Kc7
43.Qc8+  1-0

[Event "NRW-Liga II 9899"]
[Site "GER"]
[Date "1998.??.??"]
[Round "4"]
[White "Winkels, Marcel"]
[Black "Van de Mortel, Jan"]
[Result "0-1"]
[WhiteElo "2065"]
[BlackElo "2360"]

1.e4 c5 2.Nc3 Nc6 3.Nge2 g6 4.d4 cxd4 5.Nxd4 Bg7 6.Be3 d6 7.Bc4 Nf6 8.f3 O-O
9.Qd2 Bd7 10.h4 Ne5 11.Bb3 h5 12.O-O-O Rc8 13.Kb1 a5 14.a4 Nc4 15.Bxc4 Rxc4
16.b3 Rc8 17.Nde2 Qc7 18.Bh6 Qc5 19.Bxg7 Kxg7 20.Qd4 b5 21.Qxc5 Rxc5 22.axb5 Bxb5
23.Nxb5 Rxb5 24.Kb2 Rc8 25.Ra1 Nd7 26.Ra2 Nb6 27.Nd4 Rbc5 28.Rc1 a4 29.b4 Rc4
30.c3 Kf6 31.Nb5 Ke5 32.g3 f5 33.exf5 gxf5 34.Re1+ Kf6 35.Na3 Rxc3 36.Rf1 Nd5  0-1

[Event "Oberliga Nord W9798"]
[Site "Germany"]
[Date "1998.??.??"]
[Round "?.7"]
[White "Kaimer, Thomas"]
[Black "Niesel, Matthias"]
[Result "1/2-1/2"]
[WhiteElo "2185"]
[BlackElo "2225"]

1.e4 c5 2.Nf3 Nc6 3.Nc3 e5 4.Bc4 Be7 5.d3 d6 6.O-O Be6 7.Nd5 h6 8.c3 Nf6
9.Be3 O-O 10.Nxf6+ Bxf6 11.Bxe6 fxe6 12.d4 exd4 13.cxd4 cxd4 14.Nxd4 Re8
15.Qa4 Qa5 16.Qxa5 Nxa5 17.Nb5 Re7 18.Nxd6 Bxb2 19.Rad1 Be5 20.Nb5 a6 21.Bc5 Rf7
22.Nd4  1/2-1/2

[Event "Oberliga Ost A9798"]
[Site "Germany"]
[Date "1998.??.??"]
[Round "?.4"]
[White "Becker, Michael"]
[Black "Pohlers, Juergen"]
[Result "1/2-1/2"]
[WhiteElo "2295"]
[BlackElo "2145"]

1.e4 c5 2.Nf3 Nc6 3.Nc3 g6 4.d4 cxd4 5.Nxd4 Bg7 6.Be3 Nf6 7.Bc4 O-O 8.Bb3 d6
9.h3 Qa5 10.O-O Bd7 11.Re1 Rac8 12.Qe2 a6 13.Rad1 Rfe8 14.Nd5 Nxd5 15.exd5 Nxd4
16.Bxd4 Ba4 17.Bxg7 Kxg7 18.c3 Bxb3 19.axb3 Qb6 20.b4 e5 21.dxe6 Rxe6 22.Qd2 Rce8
23.Rxe6 Rxe6 24.g3 h6 25.h4 h5 26.Qf4 Rf6 27.Qd4 Qxd4 28.Rxd4 Re6 29.Kf1 Kf6
30.Rd5 b6 31.Rd1 b5 32.Rd5 Ke7 33.f3 Kd7 34.Kf2 Kc6 35.Rd4 Kd7 36.Rd1 Kc6
37.Rd3 Kd7 38.Re3 f6 39.Ke2 Ke7 40.Kd3 Re5 41.f4 Re6 42.Rxe6+ Kxe6 43.Kd4 Kf5
44.b3 Ke6 45.c4 f5 46.c5 Kd7 47.Kd5 dxc5 48.Kxc5 Kc7 49.Kd5 Kd7 50.Ke5 Ke7  1/2-1/2

[Event "Oberliga Nord W9798"]
[Site "Germany"]
[Date "1998.??.??"]
[Round "?.2"]
[White "Bangiev, Alexander"]
[Black "Boehm, Juergen"]
[Result "0-1"]
[WhiteElo "2395"]
[BlackElo "2215"]

1.e4 c5 2.Nf3 Nc6 3.Nc3 e5 4.Bc4 Be7 5.d3 Nf6 6.Ng5 O-O 7.f4 exf4 8.Bxf4 d6
9.O-O Ne5 10.Bb3 h6 11.Nf3 Bg4 12.d4 Nxf3+ 13.gxf3 Bh3 14.Rf2 Nh5 15.Be3 Bh4
16.Rd2 Bg5 17.Qe1 cxd4 18.Bxd4 Bxd2 19.Qxd2 Qg5+ 20.Qxg5 hxg5 21.Be3 Nf4
22.Rd1 Be6 23.Rxd6 Bxb3 24.axb3 Rfd8 25.Rxd8+ Rxd8 26.h4 f6 27.hxg5 Nh3+
28.Kg2 Nxg5 29.Nd5 a6 30.c4 Kf7 31.b4 Ne6 32.f4 Rd7 33.Kf3 Nc7 34.Nc3 Rd3
35.f5 g5 36.Ke2 Rd8 37.e5 fxe5 38.Bxg5 Rh8 39.Ne4 Ne8 40.c5 Rh2+ 41.Kd3 Rxb2
42.Kc4 Rb1 43.Bh4 Rd1 44.Bf2 Rf1 45.Kd3 Rd1+ 46.Kc4 Rf1 47.Kd3 Nf6 48.Nd6+ Ke7
49.Ke2 Rb1 50.Nxb7 Rxb4 51.c6 Rb2+ 52.Ke1 Nd5 53.Bh4+ Kf8 54.Nc5 e4 55.Nxe4 Rb4
56.Nf6 Nxf6 57.Bxf6 Rc4 58.Bb2 Rxc6 59.Kd2 Kf7 60.Bc3 Kf8 61.Kc2 Rb6 62.Bd4 Rb5
63.f6 Kf7 64.Bb2 Ke6 65.Kb1 Rf5 66.Kc2 Rf3 67.Bc3 Kd5 68.Kd2 Kc4 69.Ba1 a5
70.Ke2 Rf5 71.Ke3 Kd5 72.Bc3 a4 73.Bb2 Rf1 74.Kd2 Kc4 75.Ke3 Kd5 76.Kd2 Ke4
77.Kc2 Rf3 78.Kb1 Kd5 79.Ka2 Kc4 80.Be5 Kb5 81.Kb2 a3+ 82.Kc2 Kc4 83.Kd2 a2
84.Ke2 Rf5 85.Ba1 Kd5 86.Kd2 Rf1 87.f7  0-1

[Event "Oberliga Nord W9798"]
[Site "Germany"]
[Date "1998.??.??"]
[Round "?"]
[White "Haskamp, Stephan"]
[Black "Joachim, Sven"]
[Result "1/2-1/2"]
[WhiteElo "2255"]
[BlackElo "2420"]

1.e4 c5 2.Nc3 Nc6 3.Nge2 d6 4.g3 g6 5.d4 cxd4 6.Nxd4 Bg7 7.Nde2 Bg4 8.Bg2 Bxc3+
9.bxc3 Nf6 10.Bh6 Nd7 11.O-O Qa5 12.Qb1 Bxe2 13.Qxb7 Rb8 14.Qxc6 Bxf1 15.Bxf1 Kd8
16.Bg7 Rg8 17.Bd4 Ne5 18.Bxe5 Qxe5 19.Rd1 Rc8 20.Qb7 Rc7 21.Qb8+ Rc8 22.Qb7 Rc7
23.Qb8+  1/2-1/2

[Event "Oberliga Nord O9798"]
[Site "Germany"]
[Date "1998.??.??"]
[Round "?"]
[White "Lisek, Juergen"]
[Black "Baumbach, Friedrich"]
[Result "1/2-1/2"]
[WhiteElo "2300"]
[BlackElo "2330"]

1.e4 c5 2.Nc3 Nc6 3.Nf3 g6 4.Bb5 Nd4 5.O-O Bg7 6.d3 Nxb5 7.Nxb5 Nf6 8.e5 Nd5
9.d4 cxd4 10.Qxd4 Nb6 11.Be3 d6 12.Nxa7 Nd7 13.Nxc8 Qxc8 14.Qh4 Nxe5 15.Nxe5 Bxe5
16.c3 Bf6 17.Bg5 Bxg5 18.Qxg5 Qf5 19.Qh4 Qb5 20.b3 Qc5 21.c4 e6 22.Qh6 Qe5
23.a4 Qc3 24.Rab1 Ra5 25.Rfc1 Qf6 26.Rd1 Rf5 27.Qe3 Qd8 28.Qd4 Ke7 29.Rd3 Qc7
30.Rbd1 Rd8 31.Qh4+ g5 32.Qxh7 Qc5 33.R3d2 Qe5 34.Qh3 Rh8 35.Qg3 Qxg3 36.hxg3 Rd8
37.g4 Re5 38.Kf1 Re4 39.f3 Re3 40.Rd3 Re5 41.Kf2 Rc5 42.Ke3 d5 43.g3 Kd6
44.f4 Rg8 45.Kf3 Kc6 46.cxd5+ Rxd5 47.Rc3+ Kd6 48.Rh1 b5 49.axb5 Rxb5 50.Rd1+ Rd5  1/2-1/2

[Event "BL2-N9798"]
[Site "Germany"]
[Date "1998.??.??"]
[Round "4.4"]
[White "Von Buelow, Georg"]
[Black "Geisler, Robert"]
[Result "1/2-1/2"]
[WhiteElo "2295"]
[BlackElo "2250"]

1.e4 c5 2.Nc3 Nc6 3.Nge2 d6 4.d4 cxd4 5.Nxd4 Nf6 6.Bg5 e6 7.Qd2 Be7 8.O-O-O Nxd4
9.Qxd4 O-O 10.f3 a6 11.h4 Qa5 12.Bc4 Rd8 13.Bb3 Bd7 14.Kb1 Rac8 15.g4 Bc6
16.Qd2 Qc7 17.h5 b5 18.Ne2 a5 19.Nd4 Bd7  1/2-1/2

[Event "BL2-O9798"]
[Site "Germany"]
[Date "1998.??.??"]
[Round "5.7"]
[White "Olbrich, Joachim"]
[Black "Hertel, Hans"]
[Result "1-0"]
[WhiteElo "2330"]
[BlackElo "2140"]

1.e4 c5 2.Nc3 Nc6 3.Nge2 Nf6 4.g3 e6 5.Bg2 Be7 6.O-O O-O 7.h3 Rb8 8.a4 b6
9.d3 Bb7 10.Be3 Nb4 11.Bf4 d6 12.Qd2 Nh5 13.Be3 d5 14.exd5 exd5 15.d4 Nf6
16.Kh2 Ne4 17.Nxe4 dxe4 18.c3 Nd3 19.f3 cxd4 20.Nxd4 exf3 21.Bxf3 Ne5 22.Bxb7 Rxb7
23.Bf4 Ng6 24.Qg2 Rd7 25.Nc6 Nxf4 26.Rxf4 Qc8 27.Rd1 Bc5 28.Re1 Re8 29.Rxe8+ Qxe8
30.Re4 Qf8 31.b4 Be7 32.Qe2  1-0

[Event "NRW-Liga 9798"]
[Site "Germany"]
[Date "1998.??.??"]
[Round "5.5"]
[White "Lane, Gary W"]
[Black "Kley, Thomas"]
[Result "1-0"]
[WhiteElo "2400"]
[BlackElo "2195"]

1.e4 c5 2.Nc3 Nc6 3.Nf3 Nf6 4.d4 cxd4 5.Nxd4 e5 6.Ndb5 d6 7.Bg5 a6 8.Na3 b5
9.Bxf6 gxf6 10.Nd5 Bg7 11.c3 f5 12.exf5 Bxf5 13.Nc2 Be6 14.Nce3 Ne7 15.g3 Nxd5
16.Nxd5 O-O 17.Bg2 Rb8 18.O-O a5 19.Qd2 Qd7 20.f4 f5 21.Kh1 Kh8 22.Rad1 Rfc8
23.Ne3 b4 24.Qxd6 Qxd6 25.Rxd6 bxc3 26.bxc3 Bxa2 27.Nxf5 exf4 28.Nxg7 Kxg7
29.Rd7+ Kh8 30.Be4 Rxc3 31.Rxh7+ Kg8 32.Ra7 Rb4 33.Rd1 Rc8 34.Bf5 Rf8 35.Rxa5 fxg3
36.hxg3 Bf7 37.Rd2 Re8 38.Ra7 Re5 39.g4 Re1+ 40.Kh2 Bd5 41.Kg3 Re8 42.Bd7 Re3+
43.Kf2  1-0

[Event "NRW-Liga 9798"]
[Site "Germany"]
[Date "1998.??.??"]
[Round "6"]
[White "Wehmeier, Stefan"]
[Black "Hubert, Ralf"]
[Result "1-0"]
[WhiteElo "2395"]
[BlackElo "2350"]

1.e4 c5 2.Nf3 Nc6 3.Nc3 g6 4.d4 cxd4 5.Nxd4 Bg7 6.Be3 Nf6 7.Bc4 d6 8.f3 O-O
9.Qd2 Qa5 10.O-O-O Bd7 11.h4 Rfc8 12.Bb3 Ne5 13.Kb1 Nc4 14.Bxc4 Rxc4 15.Nb3 Qc7
16.Bd4 Be6 17.g4 Rc8 18.h5 a5 19.hxg6 hxg6 20.g5 Nh5 21.Bxg7 Kxg7 22.Nd4 Qb6
23.Nd5 Bxd5 24.exd5 a4 25.b3 Kg8 26.Ka1 axb3 27.axb3 Ra8+ 28.Kb2 Qc5 29.c3 Rxc3
30.Rxh5 gxh5 31.g6 fxg6 32.Qh6 Kf7 33.Qh7+ Kf6 34.Qh6 Rc8 35.Qf4+ Kg7 36.Ne6+ Kg8
37.Nxc5 R3xc5 38.Rg1  1-0

[Event "Ruhr-ch Seniors 5th"]
[Site "Germany"]
[Date "1998.??.??"]
[Round "8"]
[White "Kotlar, Alfred"]
[Black "Grabowski, Johann"]
[Result "1-0"]
[WhiteElo "1980"]
[BlackElo "1860"]

1.e4 c5 2.Nf3 Nc6 3.Nc3 e6 4.Bc4 g6 5.d3 Bg7 6.O-O Nge7 7.Bg5 a6 8.a4 O-O
9.h3 h6 10.Bh4 g5 11.Bg3 d5 12.exd5 exd5 13.Ba2 Be6 14.Re1 Ng6 15.Nh2 Qd7
16.Qd2 Rae8 17.Rad1 Kh7 18.f4 g4 19.hxg4 Bxg4 20.Nxg4 Qxg4 21.Bh2 Nd4 22.Qf2 Nh4
23.Bxd5 Ndf5 24.Bf3 Nxf3+ 25.Qxf3 Bd4+ 26.Kh1 Qxf3 27.gxf3 Ne3 28.Rc1 f5
29.Re2 Bxc3 30.bxc3 Nd5 31.Re5 Rxe5 32.fxe5 Nxc3 33.a5 Rf7 34.Kg2 Ne2 35.Rb1 Nd4
36.c3 Nc6 37.Bf4 Rg7+ 38.Kf2 Nxa5 39.d4 cxd4 40.cxd4 b5 41.d5 Kg8 42.Ra1 Nb3
43.Rxa6 Nc5 44.Rxh6 b4 45.Rb6 b3 46.Ke3 Rg2 47.e6 b2 48.Rb8+ Kh7 49.Be5  1-0

[Event "Gyongyos Matra Kupa"]
[Site "Gyongyos"]
[Date "1998.??.??"]
[Round "7"]
[White "Blasko, Istvan"]
[Black "Gyurkovics, Miklos"]
[Result "1-0"]
[WhiteElo "2175"]
[BlackElo "2235"]

1.e4 c5 2.Nc3 Nc6 3.Nf3 Nf6 4.d4 cxd4 5.Nxd4 d6 6.Bg5 Bd7 7.Bxf6 gxf6 8.Be2 Rg8
9.Nxc6 bxc6 10.O-O Rb8 11.Rb1 Bh3 12.Bf3 e5 13.Kh1 Be6 14.b4 Bc4 15.Re1 Qb6
16.b5 cxb5 17.Nd5 Qd8 18.Be2 Be7 19.Bxc4 bxc4 20.Qe2 Qc8 21.Rxb8 Qxb8 22.Qxc4 Bd8
23.h3 Kf8 24.Re3 Kg7 25.Rb3 Bb6 26.Qe2 Qd8 27.Rf3 Bc5 28.Nxf6 Qxf6 29.Rxf6 Kxf6
30.Qf3+ Kg7 31.Qg4+ Kf8 32.Qf5 h6 33.h4 Kg7 34.Qg4+ Kh7 35.Qd7 Kg7 36.Qg4+ Kh7
37.Qd7 Kg7 38.Qc7 Kf6 39.f3 Ke6 40.g4 Bb6 41.Qb7 Bc5 42.a4 Kf6 43.a5 Re8
44.Qc7 Rg8 45.Kg2 Ke6 46.Kh3 Rh8 47.Kg2 Rg8 48.Kf1 Re8 49.Ke2 Rg8 50.Kd3 Bf2
51.Kc4 Bc5 52.Kb5 Re8 53.Kc6 Kf6 54.Qd7 Re6 55.g5+ hxg5 56.Qd8+ Kg7 57.Qxg5+ Kh7
58.h5 Bb4 59.a6 Ba3 60.Kd7 Bc5 61.c3 Bb6 62.Qf5+ Kg7 63.Qxe6 fxe6 64.Kxd6 Kf6
65.h6 Ba5 66.h7 Kg7 67.c4 Kxh7 68.Kxe5  1-0

[Event "Hlohovec op"]
[Site "Hlohovec"]
[Date "1998.??.??"]
[Round "4"]
[White "Stets, Dmitry"]
[Black "Solodovnichenko, Yuri"]
[Result "1/2-1/2"]
[WhiteElo "2420"]
[BlackElo "2385"]

1.e4 c5 2.Nc3 Nc6 3.Nf3 e5 4.Bc4 d6 5.d3 Be7 6.Be3 Nf6 7.h3 O-O 8.O-O Nd4
9.Nh2 Be6 10.Ng4 Nxg4 11.hxg4 Bg5 12.Nd5 b5 13.Bb3 a5 14.c3 Nxb3 15.axb3 Bxe3
16.Nxe3 Qd7 17.f3 d5 18.c4 d4 19.Nd5 Rfb8 20.Qd2 bxc4 21.bxc4 Bxd5 22.cxd5 Rb4
23.Rfc1 Qb5 24.Qg5 Re8 25.d6 h6 26.Qf5 Re6 27.g5 g6 28.Qh3 hxg5 29.d7 Rd6
30.Qh6 Rxd7 31.Qxg5 c4 32.Rxc4 Rxc4 33.dxc4 Qc5 34.b4 Qxb4 35.Qxe5 Qc3 36.Qe8+ Kh7
37.Qxd7 Qxa1+ 38.Kh2 Kg7 39.e5 d3 40.f4 Qe1  1/2-1/2

[Event "HUN-chT2 9798"]
[Site "HUN"]
[Date "1998.??.??"]
[Round "?"]
[White "Kalmar, Karoly"]
[Black "Tivolt, Ferenc"]
[Result "1-0"]
[WhiteElo "2165"]
[BlackElo "2175"]

1.e4 c5 2.Nf3 Nc6 3.Nc3 Nf6 4.g3 e5 5.Bg2 g6 6.d3 d6 7.O-O Bg7 8.h3 O-O 9.Be3 Nd4
10.Kh2 Rb8 11.Ng1 b5 12.Nce2 d5 13.c3 Ne6 14.Qc2 d4 15.cxd4 cxd4 16.Bd2 Bb7
17.Bb4 Re8 18.Qd2 Nh5 19.Rac1 f5 20.f3 Bf6 21.Rc2 Bg5 22.Qd1 Qf6 23.Bd2 f4
24.g4 Nhg7 25.Be1 h5 26.Nc1 Kh7 27.Nb3 Rh8 28.Nc5 Bc8 29.Ne2 hxg4 30.fxg4 Kg8
31.Ng1 Nf8 32.Bf3 Ne8 33.Kg2 b4 34.Rc4 a5 35.Qa4 Nd6 36.Rc1 Bh4 37.Ne2 Bxe1
38.Rfxe1 Nf7 39.Rh1 Ng5 40.Rcf1 Nxf3 41.Kxf3 Qb6 42.Qc2 Nh7 43.Kg2 Ng5 44.Ng1 Kg7
45.Nf3 Nxf3 46.Kxf3 Rh4 47.Na4 Qb5 48.Qc7+ Kh6 49.Nc5 Qe8 50.g5+ Kxg5 51.Qg7 Bxh3
52.Rfg1+ Rg4 53.Nd7 Qe6 54.Nxe5 Rg8 55.Nf7+  1-0

[Event "HUN-chT9899"]
[Site "HUN"]
[Date "1998.??.??"]
[Round "?"]
[White "Forgacs, Attila"]
[Black "Gosztola, Istvan"]
[Result "0-1"]
[WhiteElo "2180"]
[BlackElo "2230"]

1.e4 c5 2.Nf3 Nc6 3.Nc3 Nf6 4.Bb5 Qc7 5.O-O a6 6.Bxc6 Qxc6 7.d4 Nxe4 8.Nxe4 Qxe4
9.Re1 Qc6 10.dxc5 e6 11.Ne5 Qxc5 12.Qf3 f6 13.Nd3 Qc6 14.Qg3 b6 15.c4 Bb7
16.b4 Bd6 17.Bf4 Bxf4 18.Nxf4 O-O 19.Rad1 Rf7 20.Rc1 Rc8 21.Nd3 e5 22.c5 b5
23.f3 Qd5 24.Nf2 Qxa2 25.Ng4 Kf8 26.Qh4 Kg8 27.Ne3 Qe6 28.Rcd1 d5 29.cxd6 Rd7
30.Qg3 Rcd8 31.Rc1 Rxd6 32.Rc7 R6d7 33.Rc5 Rd4 34.Rc7 R8d7 35.Rcc1 Rxb4 36.Ng4 Rbd4
37.Qh3 Qd6 38.Qh5 Re7 39.Qf5 b4 40.Ne3 g6 41.Rc8+ Bxc8 42.Qxc8+ Kg7  0-1

[Event "HUN-chT2 9798"]
[Site "HUN"]
[Date "1998.??.??"]
[Round "?"]
[White "Farkas, Tibor"]
[Black "Horvath, Gabor"]
[Result "1/2-1/2"]
[WhiteElo "2315"]
[BlackElo "2280"]

1.e4 c5 2.Nc3 Nc6 3.Nge2 d6 4.d4 cxd4 5.Nxd4 e5 6.Nf3 Be7 7.Bc4 Nf6 8.O-O O-O
9.Bg5 Bg4 10.Bxf6 Bxf6 11.h3 Be6 12.Nd5 Rc8 13.Bb3 Bg5 14.c3 Kh8 15.Qe2 f5
16.exf5 Bxf5 17.Ne3 Bxe3 18.Qxe3 Qf6 19.Nd2 Qg6 20.Bd5 Rc7 21.Be4 Rcf7 22.Rad1 Qe6
23.Bxf5  1/2-1/2

[Event "HUN-chT9899"]
[Site "HUN"]
[Date "1998.??.??"]
[Round "?"]
[White "Cao Sang"]
[Black "Tomcsanyi, Peter"]
[Result "1-0"]
[WhiteElo "2495"]
[BlackElo "2300"]

1.e4 c5 2.Ne2 Nc6 3.Nbc3 Nf6 4.d3 d5 5.Bg5 d4 6.Bxf6 gxf6 7.Nb1 e5 8.Ng3 Be6
9.Be2 Rg8 10.Nd2 Qd7 11.O-O O-O-O 12.Nf3 f5 13.exf5 Bxf5 14.Nxf5 Qxf5 15.Nd2 Qg6
16.Bf3 f5 17.Re1 Kc7 18.g3 Bd6 19.Nc4 Qf6 20.Bxc6 bxc6 21.Qf3 Rge8 22.Re2 Re6
23.Rae1 Rde8 24.a3 Qg6 25.Nd2 h5 26.h4 Rf8 27.Qg2 Qg7 28.Nf3 Rfe8 29.Ng5 Rg6
30.f4 e4 31.dxe4 fxe4 32.Rxe4  1-0

[Event "HUN-chT29899"]
[Site "HUN"]
[Date "1998.??.??"]
[Round "?"]
[White "Kadar, Gabor"]
[Black "Varaljai, Istvan"]
[Result "1-0"]
[WhiteElo "2235"]
[BlackElo "2110"]

1.e4 c5 2.Nf3 Nc6 3.Nc3 d6 4.d4 cxd4 5.Nxd4 Nf6 6.Bc4 e6 7.Bb3 Be7 8.Be3 O-O
9.O-O Bd7 10.a4 Nxd4 11.Bxd4 Bc6 12.Qd3 d5 13.exd5 exd5 14.Rad1 Ne4 15.Nxe4 dxe4
16.Qg3 Bf6 17.Bc5 Qa5 18.Bxf8 Rxf8 19.Rb1 g6 20.Rfd1 Qh5 21.Qe3 a6 22.c3 Re8
23.Re1 Kg7 24.Bd1 Qd5 25.b4 Qc4 26.b5 axb5 27.axb5 Bd7 28.Bb3 Qxc3 29.Qxc3 Bxc3
30.Rec1 Ba5 31.Bd5 Re5 32.Bxb7 Bxb5 33.Bxe4 Rxe4 34.Rxb5 Bd2 35.Rd1 Bc3 36.Kf1 h6
37.Rb7 g5 38.f3 Rf4 39.Rd3 Ba1 40.h3 Kg6 41.Ke2 h5 42.Rd6+ f6 43.g4 hxg4
44.hxg4 Ra4 45.Rdd7 f5 46.Rb6+ Bf6 47.gxf5+ Kxf5 48.Rf7  1-0

[Event "HUN-chT9899"]
[Site "HUN"]
[Date "1998.??.??"]
[Round "?"]
[White "Farkas, Gyula"]
[Black "Acs, Peter"]
[Result "1/2-1/2"]
[WhiteElo "2200"]
[BlackElo "2500"]

1.e4 c5 2.Nf3 Nc6 3.Nc3 d6 4.d4 cxd4 5.Nxd4 Nf6 6.g3 e5 7.Nde2 Be7 8.Bg2 O-O
9.O-O b6 10.h3 Ba6 11.Re1 Rc8 12.g4 Nd7 13.Be3 Re8 14.Ng3 g6 15.Qd2 Nf8 16.Nd5 Ne6
17.Nxe7+ Qxe7 18.c3 Red8 19.Bh6 Qf6 20.Re3 Nf4 21.Rf3 Nxh3+ 22.Bxh3 Qxf3
23.Re1 d5 24.Bg2 dxe4 25.Qg5 f6 26.Qh4 Qd3 27.Bf1 g5 28.Bxg5 Qd7 29.Bxa6 fxg5
30.Qxg5+ Qg7 31.Qxg7+ Kxg7 32.Bxc8 Rxc8 33.Rxe4 Rd8 34.Rc4 Rd1+ 35.Kg2 Ne7
36.Rc7 Kf6 37.Rxa7 Rb1 38.b3 Nd5 39.c4 Nf4+ 40.Kf3 Rb2 41.Ra6 Kf7 42.Rxb6 Rxa2
43.g5 Ne6 44.Ne4 Nd4+ 45.Kg3 Re2 46.Nf6 Kg6 47.Kg4 Kf7 48.f4 exf4 49.Kxf4 Ne6+
50.Kf3 Nd4+ 51.Kg4 Rg2+ 52.Kf4 Ne6+ 53.Kf3 Rxg5 54.Nxh7 Rh5 55.Rb7+ Kg6 56.b4 Rh4
57.c5 Kf5 58.Ke3 Ke5 59.c6 Kd6 60.b5 Rh3+ 61.Kd2 Nc7 62.Ng5 Rh2+ 63.Kd3 Nxb5
64.Rxb5 Kxc6 65.Rf5 Rh6 66.Ne4 Kb6 67.Kd4 Kc6 68.Rg5 Kb6 69.Rc5 Rh1 70.Rf5 Rd1+
71.Kc4 Rc1+ 72.Nc3 Kc6 73.Rf6+ Kd7 74.Kd4 Rh1 75.Ne4 Ra1 76.Ke5 Kc7 77.Nc3 Rh1
78.Nd5+ Kb7 79.Kd6 Rc1 80.Rf2 Ka6 81.Rb2 Ka5 82.Nb6 Ka6 83.Nd7 Ka5 84.Nc5 Rh1
85.Ne6 Ka4 86.Kd5 Ka3 87.Rb8 Ka4 88.Nc5+ Ka3 89.Kc4 Rh4+ 90.Kc3 Rh3+ 91.Nd3 Ka4
92.Rb1 Ka5 93.Kc4 Rh4+ 94.Kc5 Rh5+  1/2-1/2

[Event "HUN-chT2 9798"]
[Site "HUN"]
[Date "1998.??.??"]
[Round "?"]
[White "Laszlo, Janos"]
[Black "Hajdu, Balazs"]
[Result "1-0"]
[WhiteElo "2285"]
[BlackElo "2110"]

1.e4 c5 2.Nf3 Nc6 3.Nc3 e5 4.Bc4 d6 5.d3 Na5 6.Bb5+ Bd7 7.Bxd7+ Qxd7 8.a3 Nc6
9.Nd5 Nge7 10.c4 Nxd5 11.cxd5 Nd4 12.Nxd4 cxd4 13.O-O g6 14.f4 Bg7 15.f5 f6
16.Qg4 g5 17.Qh5+ Qf7 18.Qxf7+ Kxf7 19.Bd2 Rhc8 20.Rfc1 Ke7 21.Kf2 Kd7 22.Ke2 Rxc1
23.Rxc1 Rc8 24.Rc4 Bf8 25.Rb4 Rb8 26.Rc4 Rc8 27.Rb4 Rb8 28.a4 Be7 29.Kd1 Bd8
30.Rc4 Rc8 31.Kc2 Rxc4+ 32.dxc4 a5 33.Kd3 b6 34.Kc2 Kc7 35.b4 Kd7 36.Kb3 Bc7
37.Kc2 Bd8 38.Kd3 Bc7 39.Be1 Bd8 40.Bd2 Bc7 41.Kc2 Kc8 42.Kd3 Kd7 43.bxa5 bxa5
44.c5 dxc5 45.Kc4 Bd6 46.Bxa5 Kc8 47.g4 Be7 48.Kb5 Kb7 49.Bd2 Bd6 50.a5 Be7
51.a6+ Ka7 52.Ba5 Kb8 53.Kc4 Bd6 54.Bd8 Ka7 55.Bxf6 Kxa6 56.Bg7  1-0

[Event "HUN-chT29899"]
[Site "HUN"]
[Date "1998.??.??"]
[Round "?"]
[White "Barczay, Laszlo"]
[Black "Szilagyi, Peter"]
[Result "1-0"]
[WhiteElo "2405"]
[BlackElo "2400"]

1.e4 c5 2.Nf3 Nc6 3.Nc3 d6 4.d4 cxd4 5.Nxd4 Nf6 6.Bg5 e6 7.Qd2 Be7 8.O-O-O O-O
9.f4 Nxd4 10.Qxd4 Qa5 11.e5 dxe5 12.Qxe5 Qb6 13.Na4 Qf2 14.Rd2 Qxd2+ 15.Kxd2 b5
16.Bxb5 Bb7 17.Qc7  1-0

[Event "HUN-chT 9798"]
[Site "Hungary"]
[Date "1998.??.??"]
[Round "?"]
[White "Ozsvath, Andras"]
[Black "Cao Sang"]
[Result "0-1"]
[WhiteElo "2310"]
[BlackElo "2465"]

1.e4 c5 2.Nf3 Nc6 3.Nc3 g6 4.g3 Bg7 5.Bg2 e6 6.O-O Nge7 7.d3 Rb8 8.Be3 Nd4
9.Bf4 d6 10.Nxd4 cxd4 11.Nb5 e5 12.Bd2 a6 13.Na3 Be6 14.f4 O-O 15.Rf2 b5
16.Qf1 Qd7 17.c3 d5 18.Nc2 dxe4 19.dxe4 Rbc8 20.fxe5 Nc6 21.cxd4 Nxd4 22.Nb4 Nc2
23.Rc1 Nxb4 24.Bxb4 Rxc1 25.Qxc1 Rc8 26.Qd2 Qxd2 27.Rxd2 Bxa2 28.Bd6 Bh6
29.Rd1 Be3+ 30.Kh1 Bb3 31.Ra1 Rc1+ 32.Rxc1 Bxc1 33.e6 fxe6 34.Be5 a5  0-1

[Event "HUN-chT 9798"]
[Site "Hungary"]
[Date "1998.??.??"]
[Round "?"]
[White "Szuk, Balazs"]
[Black "Ruck, Robert"]
[Result "1/2-1/2"]
[WhiteElo "2340"]
[BlackElo "2450"]

1.e4 c5 2.Nc3 Nc6 3.Nge2 e5 4.Nd5 Nce7 5.Nec3 Nxd5 6.Nxd5 Nf6 7.Bc4 Be7 8.d3 d6
9.O-O Nxd5 10.Bxd5 O-O 11.f4 exf4 12.Bxf4 Be6 13.Bxe6 fxe6 14.Qg4 Qd7  1/2-1/2